000 00497nam a2200181Ia 4500
001 8261
005 20260306160556.0
008 260306t2007||||xx |||||||||||||| ||spa||
041 _aESP
082 _a370.1523
_bA12
100 _aAbarca Fernández, Ramón R.
_eAUT
245 0 _aModelos pedagógicos, educativos, de excelencia e instrumentales y construcción dialógica
260 _c2007
300 _a214 páginas :
_c21 cm.
650 _aGEN
654 _aCED
942 _cLIB
_dJUS
_fJUS
_2ddc
_n
999 _c8261
_d8261